الولايات المتحدة الامريكية من مواجهة الازمة الاقتصادية الى القيادة الدولية : (Record no. 64336)
[ view plain ]
| 000 -الفاتح | |
|---|---|
| حقل البيانات ثابتة الطول | 01268nam a22002657a 4500 |
| 005 - وقت وتاريخ اخر تعامل مع التسجيلة | |
| رقم الضبط | 20240530110726.0 |
| 008 - عناصر البيانات ثابتة الطول - معلومات عامة | |
| حقل البيانات ثابتة الطول | 180422s2017 ua g b 00| 0dara d |
| 017 ## - رقم الايداع القانونى | |
| رقم الايداع القانونى | 2016/8064 |
| المصدر ( الهيئة المختصة) | مصر. دار الكتب |
| 020 ## - الرقم الدولى المعيارى للكتب | |
| الرقم الدولى المعيارى للكتاب | 9789779107660 |
| 040 ## - مصدر الفهرسة | |
| وكالة الفهرسة الأصلية | EG-CaGPL |
| وكالة النسخ | EG-CaGPL |
| 082 04 - رقم تصنيف ديوى العشرى | |
| رقم الطبعة | 21 |
| رقم التصنيف | 338.973 / |
| رقم المادة | أ و |
| 100 0# - المدخل الرئيسى - إسم شخصى | |
| الإسم الشخصى | احمد جلال بسيونى |
| 245 12 - بيان العنوان | |
| العنوان | الولايات المتحدة الامريكية من مواجهة الازمة الاقتصادية الى القيادة الدولية : |
| بقية العنوان | 1932 - 1945 / |
| بيان المسئوليه,etc | تاليف احمد جلال بسيونى ؛ تقديم جمال محمود حجر |
| 260 ## - PUBLICATION, DISTRIBUTION, ETC. (IMPRINT) | |
| تاريخ النشر أو التوزيع | 2016. |
| 300 ## - الوصف المادى | |
| التعداد | 296 ص. ؛ |
| أبعاد الوعاء | 24 سم. |
| 504 ## - تبصرة ببليوجرافية | |
| تبصرة ببليوجرافية,الخ | يشتمل على ارجاعات ببليوجرافية |
| 600 0# - المدخل الاضافى بالموضوع-اسم شخصى | |
| الإسم الشخصى | فرانكلين روزفلت |
| 650 07 - المدخل الاضافى بالموضوع-مصطلح موضوعى | |
| مصدر الرأس أو المصطلح | qrmak |
| مصطلح موضوعي | الازمات الاقتصادية |
| 650 07 - المدخل الاضافى بالموضوع-مصطلح موضوعى | |
| مصدر الرأس أو المصطلح | qrmak |
| مصطلح موضوعي | الكساد الكبير |
| 650 07 - المدخل الاضافى بالموضوع-مصطلح موضوعى | |
| مصدر الرأس أو المصطلح | qrmak |
| مصطلح موضوعي | الحرب العالمية الثانية |
| 651 07 - المدخل الاضافى بالموضوع - اسم جغرافى | |
| مصدر الرأس أو المصطلح | qrmak |
| الاسم الجغرافي | الولايات المتحدة الامريكية |
| التقسيم الفرعي العام | الاحوال الاقتصادية |
| 700 0# - المدخل الاضافى - اسم شخصى | |
| الإسم الشخصى | جمال محمود حجر |
| الدور | مقدم |
| 942 ## - عناصر المدخل الإضافي( كوها) | |
| مصدر التصنيف او مخطط الترفيف | Dewey Decimal Classification |
| Koha [default] item type | كتاب |
| 260 ## - PUBLICATION, DISTRIBUTION, ETC. (IMPRINT) | |
| -- | القاهرة : |
| -- | الهيئة المصرية العامة للكتاب ، |
| حالة التراجع | حالة الفقد | حالة تلف | ليس للاعارة | المكان المؤقت | الموقع الحالى | موقع الترفيف | تاريخ الاكتساب | اجمالي اﻻعارات | رقم الطلب | الباركود | تاريخ اخر مشاهدة | تاريخ تفعيل السعر | نوع وعاء كوها |
|---|---|---|---|---|---|---|---|---|---|---|---|---|---|
| مكتبة القاهرة الكبرى | مكتبة القاهرة الكبرى | القاعة الرئيسية | 04/22/2018 | 338.973 / أ و | 164524 | 04/22/2018 | 04/22/2018 | كتاب |

